000
00331nam a2200133Ia 4500
008
191201s2005 xx 000 0 und d
082
_a
004.22
_b
MAM
100
_a
MATHIVANAN, N
245
0
_a
Microprocessors PC Hardware and Interfacing
260
_a
N.Delhi
_b
PHI
_c
2005
300
_a
519
650
_a
B.Tech(CSE)
942
_2
ddc
_c
BK
999
_c
1225
_d
1225